| 000 | 00567nam a2200193Ia 4500 | ||
|---|---|---|---|
| 003 | GCL | ||
| 008 | 140319s9999 xx 000 0 eng d | ||
| 040 |
_aGCL / _cGCL |
||
| 082 | 0 | 4 |
_a327.1241 _bH I |
| 100 | 1 | _aHERMAN, MICHAEL | |
| 245 | 1 | 0 |
_aINTELLIGENCE POWER IN PEACE AND WAR / _cHERMAN, MICHAEL |
| 260 |
_a[S.N] : _bCAMBRIDGE UNIVERSITY PRESS ، _c1996 |
||
| 300 | _a414 P | ||
| 650 | 0 | 4 | _aINTERNATIONAL RELATIONS |
| 650 | 0 | 4 | _aINTELLIGENCE SERVICES |
| 650 | 0 | 4 | _aINTELLIGENCE SERVICES - BRITIAN |
| 650 | 0 | 4 | _aINTELLIGENCE SERVICES - U.S.A |
| 942 |
_2ddc _cBK |
||
| 999 |
_c13398 _d13398 |
||